| 000 | 00526nam a2200181Ia 4500 | ||
|---|---|---|---|
| 999 |
_c33155 _d33155 |
||
| 003 | OSt | ||
| 005 | 20200825103635.0 | ||
| 008 | 190216s9999||||xx |||||||||||||| ||und|| | ||
| 020 | _a0876922620 | ||
| 040 | _coclc | ||
| 082 |
_a530.15 _bHAR/I |
||
| 100 |
_aHarper, Charlie _94321 |
||
| 245 | 0 |
_aIntroduction To Mathematical Physics / _cCharlie Harper |
|
| 260 |
_bPrentice Hall Of India, _c1987. _aNew Delhi: |
||
| 300 | _a301p | ||
| 650 | _aPhysics | ||
| 942 |
_cBK _2ddc _h530.15 _iHAR/I _k530.15 _mHAR/I |
||